000 00350nam a22001337a 4500
020 _a0-13-781592-1
082 _a629.892 RUS'R
100 _aRUSSELL, R. ANDREW
_967433
245 _aROBOT TACTILE SENSING
260 _aNEWYORK
_bPRENTICE-HALL
_c1990
300 _aX,174P
650 _aROBOATS.TACTILE SENSORS-INDUSTRIAL SENSORS
_967434
942 _cBK
999 _c575218
_d575218